00403nam a2200145Ia 4500008004100000020001500041041001200056082001600068100001900084245008900103250000800192260003300200300000800233650001600241221030s9999 xx 000 0 und d a8175441623 aEnglish a105.23bRaj aS. Rajasekaran 0aNumerical Methods In Science & Engineering - A Practical Approachcby S. Rajasekaran a2nd bWheeler PubaNew Delhic1999 a670 aBE Computer